Panamá apoya la independencia de Belice
Zapisane w:
| Format: | Texto |
|---|---|
| Hasła przedmiotowe: | |
| Etykiety: |
Dodaj etykietę
Nie ma etykietki, Dołącz pierwszą etykiete!
|
MARC
| LEADER | 00000 a a2200000 04500 | ||
|---|---|---|---|
| 001 | 41819 | ||
| 003 | |||
| 040 | |||
| 245 | |a Panamá apoya la independencia de Belice | ||
| 650 | |a ELECCIONES | ||
| 650 | |a PARTIDOS POLITICOS | ||
| 650 | |a TEOLOGIA DE LA LIBERACION | ||
| 650 | |a INDEPENCIA | ||
| 650 | |a PANAMA | ||
| 650 | |a BELICE | ||
| 650 | |a BRASIL | ||
| 650 | |a PERU | ||
| 650 | |a AMERICA LATINA | ||
| 773 | |g número12 (1977), Sin paginación | ||
| 999 | |c 29298 |d 29298 | ||
| 773 | 0 | |0 42391 |9 3923 |a Agencia Latinoamericana de Información, ALAI |d Quito, Ecuador: ALAI |o 04223 |t ALAI: |x 08275564 (Servicio mensual de información y documentación) | |
